La sociología como forma de arte /
Este libro muestra cómo la Sociología, independientemente de su carácter "científico", es una forma de arte, constituída en el siglo XIX en estrecha relación con la literatura, la pintura, la historia, la filosofía. Muestra cómo utiliza estilos, formas de representación propios de las artes.
محفوظ في:
| المؤلف الرئيسي: | |
|---|---|
| التنسيق: | كتاب |
| اللغة: | الإسبانية |
| منشور في: |
Madrid, España :
Espasa-Calpe,
1979
|
| سلاسل: | (Boreal)
|
| الموضوعات: | |
| الوسوم: |
لا توجد وسوم, كن أول من يضع وسما على هذه التسجيلة!
|
MARC
| LEADER | 00000nam^a2200000^a^4500 | ||
|---|---|---|---|
| 001 | 000000170 | ||
| 005 | 20250521000000.0 | ||
| 009 | 20260310083015.942 | ||
| 020 | |a 84-239-2511-0 | ||
| 037 | |a Acervo ITESO - Biblioteca | ||
| 041 | |a ESP | ||
| 082 | |a 301. |b NIS | ||
| 100 | |a Nisbet, Robert A. |e (autor) | ||
| 245 | 1 | 3 | |a La sociología como forma de arte / |c R. Nisbet ; tr. por Consuelo Luca de Tena. |
| 264 | 1 | |a Madrid, España : |b Espasa-Calpe, |c 1979 | |
| 300 | |a 206 p. | ||
| 336 | |a texto |b txt |2 rdacontenido | ||
| 337 | |a sin mediación |b n |2 rdamedio | ||
| 338 | |a volumen |b nc |2 rdasoporte | ||
| 440 | 1 | |a (Boreal) | |
| 500 | |a Traducción de: Sociology as an Art Form | ||
| 520 | |a Este libro muestra cómo la Sociología, independientemente de su carácter "científico", es una forma de arte, constituída en el siglo XIX en estrecha relación con la literatura, la pintura, la historia, la filosofía. Muestra cómo utiliza estilos, formas de representación propios de las artes. | ||
| 649 | |a XX | ||
| 650 | |a Sociología | ||
| 650 | |a Arte y Sociedad | ||
| 910 | |a Fondo General | ||
| 920 | |a Impresos - Libros | ||
| 930 | |a Colección General | ||
| 905 | |a 101 | ||
| 901 | |a 0001700100 |b IT1 |c ACC |i 000170 |u 20250521 | ||
| 902 | |a https://opac.biblio.iteso.mx/vufind/Record/000000170 | ||